[Event "Challenge"]
[Site "http://www.queenalice.com/game.php?id=1526716"]
[Date "2018.5.9"]
[Round "-"]
[White "DJLeon"]
[Black "Guilhermerocha"]
[Result "0-1"]
[WhiteElo "1626"]
[BlackElo "1606"]

1. g3 d5 2. Bg2 Nf6 3. Nf3 Nc6 4. e3 e5 5. d4 e4 6. Ne5 Nxe5 7. dxe5 Bg4 8. f3
exf3 9. Bxf3 Bxf3 10. Qxf3 Ne4 11. O-O f6 12. Nc3 Ng5 13. Qxd5 Qxd5 14. Nxd5
O-O-O 15. e4 Nxe4 16. Nf4 Bc5+ 17. Kg2 fxe5 18. Nd3 Bd6 19. Re1 Nf6 20. Nxe5
Rhe8 21. Bf4 Nd5 22. b3 Nxf4+ 23. gxf4 Re7 24. Rad1 Bb4 25. Rxd8+ Kxd8 26. Rd1+
Kc8 27. Kf3 Bd6 28. Ke4 g5 29. Kf5 gxf4 30. Nc4 Rf7+ 31. Ke6 Re7+ 32. Kf6 Re2
33. Nxd6+ cxd6 34. Rxd6 Rxc2 35. Rd4 Rxh2 36. Ke7 Re2+ 37. Kd6 Rxa2 38. Rxf4
Ra6+ 39. Ke7 Rb6 40. Rf8+ Kc7 41. Rh8 Rd6 42. Kf7 b5 43. Rxh7 Rd7+ 44. Kg6 Rxh7
45. Kxh7 a5 0-1

[Event "Challenge"]
[Site "http://www.queenalice.com/game.php?id=1529850"]
[Date "2018.6.5"]
[Round "-"]
[White "WLAO"]
[Black "DJLeon"]
[Result "0-1"]
[WhiteElo "1684"]
[BlackElo "1607"]

1. b3 g6 2. Bb2 Nf6 3. Bxf6 exf6 4. d4 d5 5. Nf3 Nc6 6. c3 Bg4 7. Nbd2 Qd6 8.
Nh4 O-O-O 9. g3 g5 10. Ng2 h6 11. Ne3 f5 12. Nxg4 fxg4 13. Bg2 f5 14. b4 a6 15.
O-O f4 16. gxf4 gxf4 17. f3 gxf3 18. exf3 Rg8 19. a4 Be7 20. b5 Nb8 21. bxa6
Nxa6 22. Qb3 Bh4 23. a5 Qg6 24. Rf2 Bxf2+ 25. Kxf2 Qxg2+ 26. Ke1 Rde8+ 27. Kd1
Qg1+ 28. Kc2 Qxa1 29. Qb2 Qxb2+ 30. Kxb2 Rg2 31. Kc2 Rxh2 32. Kb3 Rxd2 33. c4
Re3+ 34. Ka4 c6 35. cxd5 Ra2# 0-1

[Event "Challenge"]
[Site "http://www.queenalice.com/game.php?id=1533798"]
[Date "2018.7.6"]
[Round "-"]
[White "DJLeon"]
[Black "adelio"]
[Result "1-0"]
[WhiteElo "1512"]
[BlackElo "1392"]

1. g3 d5 2. Bg2 e6 3. Nf3 Be7 4. O-O Nd7 5. d4 Nf8 6. e3 Ng6 7. Nc3 c6 8. a3 Nh6
9. b4 Ng4 10. Ne5 N6xe5 11. dxe5 Nxe5 12. f4 Ng6 13. Bb2 b5 14. a4 Bxb4 15. axb5
Bxc3 16. Bxc3 O-O 17. b6 a6 18. Qb1 Bb7 19. Rd1 c5 20. e4 d4 21. Be1 Qb8 22. Ra5
Rc8 23. Qa2 Nxf4 24. gxf4 Qxf4 25. Bg3 Qe3+ 26. Bf2 Qe2 27. Re1 Qg4 28. Qa3 f5
29. Rxc5 Bxe4 30. Bg3 Bxg2 31. Kxg2 h5 32. b7 h4 33. Rxc8+ Rxc8 34. bxc8=Q+ Kh7
35. Qxe6 hxg3 36. Qxg3 Qxg3+ 37. hxg3 g6 38. Qf6 Kh6 39. Qh4+ Kg7 40. Re7+ Kf8
41. Qf6+ 1-0

[Event "Challenge"]
[Site "http://www.queenalice.com/game.php?id=1533800"]
[Date "2018.7.6"]
[Round "-"]
[White "DJLeon"]
[Black "Vin100"]
[Result "0-1"]
[WhiteElo "1549"]
[BlackElo "1647"]

1. g3 e5 2. e4 Nf6 3. d3 d6 4. Bg2 Be6 5. Nf3 Be7 6. O-O c5 7. c4 O-O 8. Qb3 b6
9. Nc3 Nc6 10. Ng5 Qd7 11. Nxe6 Qxe6 12. Nd5 Nd4 13. Nxe7+ Qxe7 14. Qd1 a6 15.
a3 a5 16. Bg5 a4 17. Rb1 h6 18. Bxf6 Qxf6 19. Bh3 Rfd8 0-1

[Event "Challenge"]
[Site "http://www.queenalice.com/game.php?id=1533801"]
[Date "2018.7.6"]
[Round "-"]
[White "DJLeon"]
[Black "Vin100"]
[Result "0-1"]
[WhiteElo "1562"]
[BlackElo "1634"]

1. g3 e5 2. Bg2 Nf6 3. Nf3 Nc6 4. e3 d5 5. O-O Bd6 6. d4 e4 7. Nfd2 O-O 8. c4
Be6 9. b3 a6 10. a4 b6 11. Nc3 Bb4 12. Qc2 Ne7 13. Ba3 Qd6 14. Bxb4 Qxb4 15.
Nxd5 Nexd5 16. cxd5 Bxd5 17. f3 Rac8 18. fxe4 Bb7 19. Bh3 Rcd8 20. Rfd1 Rfe8 21.
Qxc7 Bxe4 22. Nxe4 Nxe4 23. Bd7 Qxb3 0-1

[Event "Challenge"]
[Site "http://www.queenalice.com/game.php?id=1533802"]
[Date "2018.7.6"]
[Round "-"]
[White "DJLeon"]
[Black "colonelkurtz"]
[Result "0-1"]
[WhiteElo "1597"]
[BlackElo "1480"]

1. g3 c5 2. Bg2 Qc7 3. Nc3 e6 4. e3 a6 5. Nf3 Nf6 6. O-O h5 7. d4 d5 8. a3 Be7
9. Ne5 h4 10. g4 h3 11. Bf3 b5 12. b4 cxb4 13. axb4 Qxc3 14. Bd2 Qc7 15. c3 Ne4
16. Bxe4 dxe4 17. Qb3 Nc6 18. Nxc6 Qxc6 19. Rac1 e5 20. dxe5 Bxg4 21. c4 O-O 22.
c5 Qd7 23. Bc3 Be2 24. Rfe1 Qg4+ 25. Kh1 Qg2# 0-1

[Event "Challenge"]
[Site "http://www.queenalice.com/game.php?id=1533803"]
[Date "2018.7.6"]
[Round "-"]
[White "DJLeon"]
[Black "colonelkurtz"]
[Result "1-0"]
[WhiteElo "1589"]
[BlackElo "1427"]

1. g3 c5 2. Bg2 d5 3. c3 b5 4. b4 c4 5. d3 e5 6. dxc4 bxc4 7. Bxd5 Ba6 8. Bxa8
Qxd1+ 9. Kxd1 Nf6 10. Nf3 h6 11. Nxe5 Bd6 12. Nc6 Nxc6 13. Bxc6+ Ke7 14. Na3 Be5
15. Be3 Kd6 16. Bf3 Rd8 17. Kc2 Ke6 18. Rhd1 Rh8 19. Nxc4 Bxc4 20. Bxa7 g5 21.
Bb7 Bxe2 22. Re1 Bg4 23. f3 Bh3 24. f4 gxf4 25. gxf4 Bf5+ 26. Kb3 1-0

[Event "Challenge"]
[Site "http://www.queenalice.com/game.php?id=1534853"]
[Date "2018.7.15"]
[Round "-"]
[White "MADMIKE"]
[Black "DJLeon"]
[Result "1-0"]
[WhiteElo "1890"]
[BlackElo "1599"]

1. d4 g6 2. e4 Bg7 3. Nc3 d6 4. h3 e5 5. d5 Nf6 6. Nf3 O-O 7. Be2 c6 8. dxc6
bxc6 9. O-O d5 10. exd5 cxd5 11. Bg5 Qb6 12. b3 d4 13. Na4 Qc7 14. Rb1 Bf5 15.
Bc4 e4 16. Nxd4 1-0

[Event "Challenge"]
[Site "http://www.queenalice.com/game.php?id=1534854"]
[Date "2018.7.15"]
[Round "-"]
[White "DJLeon"]
[Black "MADMIKE"]
[Result "0-1"]
[WhiteElo "1594"]
[BlackElo "1879"]

1. g3 e5 2. e4 Nf6 3. Nc3 Bc5 4. Nf3 d6 5. a3 h6 6. b4 Bd4 7. Rb1 Bg4 8. Be2
Bxc3 9. dxc3 Nxe4 10. O-O Nxc3 0-1

[Event "Challenge"]
[Site "http://www.queenalice.com/game.php?id=1550161"]
[Date "2018.11.21"]
[Round "-"]
[White "DJLeon"]
[Black "WLAO"]
[Result "1-0"]
[WhiteElo "1523"]
[BlackElo "1620"]

1. g3 d5 2. Nf3 g6 3. d4 Bg7 4. Bg2 e6 5. Nc3 Nf6 6. O-O O-O 7. e3 Nc6 8. a3 Nh5
9. b4 a6 10. e4 dxe4 11. Nxe4 Ne7 12. c3 Nf5 13. Qd3 c6 14. Bg5 Qc7 15. g4 Nf4
16. Qc4 Nxg2 17. Kxg2 h6 18. gxf5 hxg5 19. Nexg5 exf5 20. d5 b5 21. Qb3 cxd5 22.
Qxd5 Bd7 23. Rad1 Bc6 24. Qc5 Rac8 25. Qe3 f4 26. Qe2 Bxf3+ 27. Qxf3 Bh6 28. Rd5
Qe7 29. Ne4 Qh4 30. Qh3 Qxh3+ 31. Kxh3 f3 32. Rd6 Rfe8 33. Nf6+ Kg7 34. Nxe8+
Rxe8 35. Rxa6 Re5 36. Ra5 Bf4 37. c4 Rh5+ 38. Kg4 Bxh2 39. c5 f5+ 40. Kxf3 Rh3+
41. Kg2 Rh5 42. Rh1 Bc7 43. Ra7 Rg5+ 44. Kf1 Kf6 45. Rxc7 Ke5 46. Rhh7 Kf4 47.
Rb7 Kf3 48. c6 Rg2 49. c7 Rxf2+ 50. Ke1 Re2+ 51. Kd1 Ra2 52. c8=Q Ra1+ 53. Kc2
Ra2+ 54. Kb1 Rxa3 55. Rh3+ Kg4 56. Rxa3 g5 57. Rxb5 Kh5 58. Qxf5 Kh6 59. Qxg5+
Kh7 60. Rh3# 1-0

[Event "Challenge"]
[Site "http://www.queenalice.com/game.php?id=1550162"]
[Date "2018.11.21"]
[Round "-"]
[White "DJLeon"]
[Black "Vin100"]
[Result "1-0"]
[WhiteElo "1576"]
[BlackElo "1563"]

1. g3 e5 2. d3 d5 3. Bg2 Be6 4. e4 d4 5. Ne2 Nf6 6. O-O Be7 7. c3 c5 8. c4 O-O
9. f4 Nc6 10. f5 Bd7 11. Bh3 Qa5 12. a3 a6 13. b4 cxb4 14. Bb2 Qb6 15. Qd2 a5
16. a4 b3 17. Nc1 Bb4 18. Qd1 Qc5 19. Nxb3 Qd6 20. g4 Ne7 21. Bc1 b6 22. g5 Ne8
23. Ba3 Nc7 24. f6 Nc6 25. Bxd7 Qxd7 26. fxg7 Kxg7 27. Qh5 Ne6 28. N1d2 Rg8 29.
Nf3 Nf4 30. Nxe5 Nxe5 31. Rxf4 Nxd3 32. Qh6+ Kh8 33. Qf6+ Rg7 34. Rf3 Nc5 35.
Nxd4 Nxe4 36. Nf5 Nxf6 37. Nxg7 Ne4 38. Bb2 Bc5+ 39. Kh1 Nxg5 40. Ne6+ Kg8 41.
Nxg5 Bd4 42. Rd1 Qg4 43. Bxd4 Qxg5 44. Rg3 Qxg3 45. hxg3 Rd8 46. Kg2 h6 47. Kf2
Kh7 48. Ke2 Kg6 49. Bxb6 Rxd1 50. Kxd1 1-0

[Event "Challenge"]
[Site "http://www.queenalice.com/game.php?id=1555270"]
[Date "2019.1.4"]
[Round "-"]
[White "zemari"]
[Black "DJLeon"]
[Result "0-1"]
[WhiteElo "1507"]
[BlackElo "1564"]

1. e4 g6 2. c3 Bg7 3. Bc4 c6 4. d4 d5 5. exd5 cxd5 6. Be2 Nc6 7. Nf3 e6 8. O-O
Nge7 9. Ne1 O-O 10. Nd3 e5 11. Be3 Bf5 12. Nc1 e4 13. Nd2 Qb6 14. Ncb3 Na5 15.
Kh1 Nc4 16. Rb1 Qc6 17. Nxc4 dxc4 18. Nd2 Nd5 19. Bxc4 Nxe3 20. fxe3 b5 21. Bb3
Bh6 22. Re1 a5 23. Bc2 b4 24. g4 Be6 25. Rc1 Rab8 26. Bb3 Qd7 27. Nxe4 Qe7 28.
Ng3 Bxb3 29. axb3 Qb7+ 30. Kg1 Rfe8 31. c4 Rxe3 32. Rc2 Rxb3 33. c5 Rd8 34. c6
Qb6 35. Re4 a4 36. Kg2 Bg7 37. c7 Rxg3+ 38. Kxg3 Qd6+ 39. Kg2 Rc8 40. Rc4 Qd5
41. Qd3 a3 42. bxa3 bxa3 43. Rc5 a2 44. Rxd5 a1=Q 45. Kf2 Qa2+ 46. Re2 Qxd5 47.
Kg3 Qd6+ 48. Kg2 Rxc7 49. Re8+ Bf8 50. d5 Qd7 51. Re4 Rc5 52. Re5 Qxg4+ 53. Qg3
Rc2+ 54. Kf1 Qc4+ 0-1

[Event "Challenge"]
[Site "http://www.queenalice.com/game.php?id=1556354"]
[Date "2019.1.12"]
[Round "-"]
[White "DJLeon"]
[Black "WLAO"]
[Result "1-0"]
[WhiteElo "1543"]
[BlackElo "1663"]

1. g3 g6 2. Bg2 d5 3. d4 Bg7 4. Nc3 e6 5. e4 c6 6. e5 Nh6 7. f4 O-O 8. Nge2 Qa5
9. O-O Nd7 10. Bd2 Nb6 11. Ne4 Qa4 12. Nd6 Bd7 13. Nxb7 Nc4 14. Nc5 Nxb2 15.
Nxa4 Nxd1 16. Rfxd1 Ng4 17. Nc5 Bc8 18. Bb4 Ne3 19. Rd3 Nxc2 20. Rb1 Nxb4 21.
Rxb4 a5 22. Ra3 axb4 23. Rxa8 h5 24. Nc1 Kh7 25. N1d3 Rh8 26. Nxb4 Kh6 27. Nxc6
g5 28. fxg5+ Kxg5 29. Ne7 Bh6 30. Nxc8 Kf5 31. Ne7+ Kg4 32. Rxh8 Be3+ 33. Kf1
Bxd4 34. Rg8# 1-0

[Event "🦄"]
[Site "http://www.queenalice.com/game.php?id=1559198"]
[Date "2019.2.1"]
[Round "-"]
[White "DJLeon"]
[Black "ChessDoran"]
[Result "0-1"]
[WhiteElo "1578"]
[BlackElo "2071"]

1. g3 d5 2. Bg2 e5 3. d4 exd4 4. Qxd4 Nf6 5. Nc3 Be6 6. Nf3 Nc6 7. Qd3 h6 8. O-O
Be7 9. Qb5 a6 10. Qxb7 Na5 11. Qb5+ axb5 12. Nxb5 c6 13. Nbd4 Bd7 14. a3 c5 15.
Nf5 Bxf5 16. c3 Nb3 17. Rb1 Bxb1 18. Bf4 Be4 19. Ne5 Bxg2 0-1

[Event "🐆Challenge"]
[Site "http://www.queenalice.com/game.php?id=1559363"]
[Date "2019.2.3"]
[Round "-"]
[White "DJLeon"]
[Black "ChessDoran"]
[Result "0-1"]
[WhiteElo "1591"]
[BlackElo "2098"]

1. g3 Nf6 2. Bg2 d5 3. d4 c5 4. dxc5 e5 5. b3 Bxc5 6. e4 Nxe4 7. Bxe4 dxe4 8.
Qxd8+ Kxd8 9. Nc3 f5 10. Bg5+ Kc7 11. Nd5+ Kc6 12. Ne7+ Bxe7 13. Bxe7 Be6 14.
O-O-O Bf7 15. f3 Bh5 16. Rd6+ Kb5 17. Rd5+ Kb6 18. Rxe5 Nc6 19. Re6 Rhe8 20.
fxe4 Rxe7 21. exf5 Rxe6 22. fxe6 Bg4 23. h4 Re8 0-1

[Event "🥌"]
[Site "http://www.queenalice.com/game.php?id=1559621"]
[Date "2019.2.4"]
[Round "-"]
[White "DJLeon"]
[Black "Nickerson"]
[Result "0-1"]
[WhiteElo "1606"]
[BlackElo "2057"]

1. g3 Nf6 2. Bg2 e5 3. e4 Bc5 4. c3 Nc6 5. b4 Bb6 6. Nf3 d5 7. exd5 Qxd5 8. O-O
Bg4 9. Qe2 e4 10. c4 Qe6 11. c5 Bxf3 12. Bxf3 Nd4 13. Qd1 exf3 14. Re1 Ne4 15.
cxb6 O-O 16. bxc7 Qh3 17. Qxf3 Nxf3+ 18. Kh1 Nxf2# 0-1

[Event "Challenge"]
[Site "http://www.queenalice.com/game.php?id=1559816"]
[Date "2019.2.5"]
[Round "-"]
[White "WLAO"]
[Black "DJLeon"]
[Result "0-1"]
[WhiteElo "1608"]
[BlackElo "1589"]

1. g3 g6 2. d4 Bg7 3. Bg2 d5 4. c3 Bf5 5. Nd2 Nc6 6. Ngf3 e5 7. dxe5 Nxe5 8.
Nxe5 Bxe5 9. O-O Nf6 10. Nf3 Qd6 11. Bh6 Ng4 12. Nxe5 Nxh6 13. Qd4 O-O 14. Bxd5
Bh3 15. Rfe1 c5 16. Qe4 Rfe8 17. Bxb7 Rxe5 18. Qf4 Rb8 19. Bg2 Bxg2 20. Kxg2
Qd5+ 21. e4 Qe6 22. Qxh6 Rxe4 23. Rxe4 Qxe4+ 24. Kh3 Rxb2 25. Rd1 Qf5+ 26. g4
Qf3+ 27. Kh4 Qxd1 28. Kg5 Qd2+ 29. f4 Qd8# 0-1

[Event "Challenge"]
[Site "http://www.queenalice.com/game.php?id=1561967"]
[Date "2019.2.22"]
[Round "-"]
[White "gruppodilavoro"]
[Black "DJLeon"]
[Result "0-1"]
[WhiteElo "1932"]
[BlackElo "1601"]

1. e4 g6 2. d4 Bg7 3. e5 Nc6 4. Nf3 d6 5. Bb5 a6 6. Bxc6+ bxc6 7. Nc3 dxe5 8.
Nxe5 c5 9. Nc6 Qd6 10. d5 Bb7 11. Na5 Qe5+ 12. Be3 f5 13. O-O O-O-O 14. Bxc5
Bxd5 15. Nxd5 Rxd5 16. Nc6 Rxd1 17. Nxe5 Rxa1 18. Nf7 Rxf1+ 19. Kxf1 Bxb2 20.
Nxh8 Bxh8 21. Ke2 e6 22. Kd3 Nf6 23. Bd4 Kd7 24. Kc4 Kd6 25. Bc5+ Kc6 26. Bd4
Bg7 27. Be5 Ne8 28. Kd4 Bxe5+ 29. Kxe5 Kd7 30. g3 Nd6 31. Kf4 Ne4 32. f3 Nd2 33.
h4 Kd6 34. Ke3 Nb1 35. a4 a5 36. Kd4 c5+ 37. Kd3 Kd5 38. c4+ Kd6 39. g4 f4 40.
Ke4 e5 41. Kd3 Na3 42. h5 g5 43. h6 Ke6 44. Kc3 Nb1+ 45. Kd3 Kf6 46. Ke4 Nc3+
47. Kd3 Nxa4 48. Kc2 Nb6 49. Kd3 Kg6 50. Ke4 Nxc4 51. Kd5 Nd2 52. Kxc5 Nxf3 53.
Kd5 Kxh6 0-1

[Event "Challenge"]
[Site "http://www.queenalice.com/game.php?id=1561968"]
[Date "2019.2.22"]
[Round "-"]
[White "DJLeon"]
[Black "gruppodilavoro"]
[Result "0-1"]
[WhiteElo "1604"]
[BlackElo "1927"]

1. g3 d5 2. Bg2 e5 3. d4 e4 4. Nd2 Nc6 5. c3 Nge7 6. f3 Nf5 7. fxe4 dxe4 8. Bxe4
Ne3 9. Qb3 Be6 10. Qxb7 Bd5 11. Bxd5 Qxd5 12. Qxa8+ Kd7 13. Qb7 Qxh1 14. Nf3
Nc2+ 15. Kd1 Nxa1 16. Qb5 Bd6 17. Qf5+ Ke8 18. Qe4+ Kd8 19. Qxc6 Re8 20. Qa8+
Ke7 21. Qe4+ Kf8 22. Qxh7 f6 23. Qb1 Qg2 24. Qh7 Qf1+ 25. Kd2 c5 26. Qh4 cxd4
27. Qxd4 Rd8 28. Qxa7 Bf4# 0-1

[Event "Challenge"]
[Site "http://www.queenalice.com/game.php?id=1563029"]
[Date "2019.3.4"]
[Round "-"]
[White "DJLeon"]
[Black "Vin100"]
[Result "0-1"]
[WhiteElo "1630"]
[BlackElo "1605"]

1. g3 d5 2. Bg2 e6 3. d4 Nc6 4. e4 dxe4 5. Bxe4 Nxd4 6. c3 Nc6 7. Nd2 Bd6 8. Nc4
Nge7 9. Nf3 O-O 10. O-O b6 11. Qd3 Ba6 12. b3 Bc5 13. Nce5 Bxd3 14. Rd1 Nxe5 15.
Nxe5 Qd6 16. Nxd3 Rad8 17. Bf4 Qd7 18. Ne5 Qb5 0-1

[Event "Challenge"]
[Site "http://www.queenalice.com/game.php?id=1563030"]
[Date "2019.3.4"]
[Round "-"]
[White "Vin100"]
[Black "DJLeon"]
[Result "1-0"]
[WhiteElo "1653"]
[BlackElo "1613"]

1. e4 g6 2. d4 d5 3. Bd3 Bg7 4. Nf3 Nc6 5. c3 f5 6. exf5 gxf5 7. O-O Nf6 8. Bf4
O-O 9. Nbd2 Ne4 10. g3 b6 11. Nxe4 fxe4 12. Bb5 Na5 13. Ne5 Nc4 14. Nxc4 dxc4
15. Bxc4+ e6 16. Qc2 Re8 17. Qxe4 Bd7 18. a4 Kf8 19. Qxh7 Qc8 20. b4 Qb7 21. b5
e5 22. Qg8+ Ke7 23. Qxg7+ Kd8 24. Bxe5 1-0